| 000 | 01516nam a2200337Ia 4500 | ||
|---|---|---|---|
| 001 | ebr10282643 | ||
| 003 | CaPaEBR | ||
| 006 | m u | ||
| 007 | cr cn||||||||| | ||
| 008 | 090213s2009 gw sb 001 0 eng d | ||
| 010 | _z 2009004128 | ||
| 020 | _z9783110213683 (cloth, 23x15,5cm : alk. paper) | ||
| 040 |
_aCaPaEBR _cCaPaEBR |
||
| 035 | _a(OCoLC)370384333 | ||
| 050 | 1 | 4 |
_aBM514 _b.D57 2009eb |
| 100 | 1 | _aDistefano, Michel G. | |
| 245 | 1 | 0 |
_aInner-midrashic introductions and their influence on introductions to medieval rabbinic Bible commentaries _h[electronic resource] / _cMichel G. Distefano. |
| 260 |
_aBerlin ; _aNew York : _bWalter de Gruyter, _cc2009. |
||
| 300 | _axvi, 227 p. | ||
| 490 | 1 |
_aStudia Judaica, Forschungen zur Wissenschaft des Judentums ; _vBd. XLVI |
|
| 504 | _aIncludes bibliographical references and index. | ||
| 533 |
_aElectronic reproduction. _bPalo Alto, Calif. : _cebrary, _d2011. _nAvailable via World Wide Web. _nAccess may be limited to ebrary affiliated libraries. |
||
| 630 | 0 | 0 |
_aBible. _pO.T. _vCommentaries. |
| 630 | 0 | 0 |
_aBible. _pO.T. _xCriticism, interpretation, etc., Jewish. |
| 650 | 0 |
_aMidrash _xHistory and criticism. |
|
| 650 | 0 |
_aMidrash _xHistory and criticism _xTheory, etc. |
|
| 655 | 7 |
_aElectronic books. _2local |
|
| 710 | 2 | _aebrary, Inc. | |
| 830 | 0 |
_aStudia Judaica (Walter de Gruyter & Co.) ; _vBd. XLVI. |
|
| 856 | 4 | 0 |
_uhttp://site.ebrary.com/lib/rucke/Doc?id=10282643 _zAn electronic book accessible through the World Wide Web; click to view |
| 999 |
_c3566 _d3566 |
||